Vida : (Record no. 184738)
[ view plain ]
| 000 -LEADER | |
|---|---|
| campo de control de longitud fija | 00871nam a22001935i 4500 |
| 001 - NÚMERO DE CONTROL | |
| campo de control | 184738 |
| 003 - IDENTIFICADOR DE NÚMERO DE CONTROL | |
| campo de control | ES-MaACL |
| 005 - FECHA Y HORA DE LA ÚLTIMA TRANSACCIÓN | |
| campo de control | 20241129174727.0 |
| 008 - DATOS DE LONGITUD FIJA--INFORMACIÓN GENERAL | |
| campo de control de longitud fija | 151123q1910 sp |||| | spa d |
| 100 1# - ENTRADA PRINCIPAL--NOMBRE DE PERSONA | |
| Nombre de persona | Martí Orberá, Rafael. |
| 9 (RLIN) | 77229 |
| 245 10 - MENCIÓN DEL TÍTULO | |
| Título | Vida : |
| Resto del título | versos / |
| Mención de responsabilidad, etc. | R[afael] Martí Orberá. |
| 260 ## - PUBLICACIÓN, DISTRIBUCIÓN, ETC. | |
| Lugar de publicación, distribución, etc. | Toledo : [s.n., |
| Fecha de publicación, distribución, etc. | ca. 1910] ( |
| Fabricante | F. Serrano) |
| 300 ## - DESCRIPCIÓN FÍSICA | |
| Extensión | [132 p. ; |
| Dimensiones | 17 cm] |
| 500 ## - NOTA GENERAL | |
| Nota general | Sólo se conservan las cubiertas, por expreso deseo del autor, según consta en una carta conservada en el Archivo de 15 de septiembre de 1942, solicitó que fuera expurgada siendo arrancadas todas las hojas. |
| 597 ## - NOTA DE DESCRIPCIÓN FÍSICA | |
| NOTA DE DESCRIPCIÓN FÍSICA | Número de páginas tomado del ejemplar de la Biblioteca Nacional. |
| 852 4# - LOCALIZACIÓN | |
| Ubicación | ES-MaACL |
| Número de control de estantería | T-1058-F (mutilado) |
| Nota libre | - Enc. en un vol. facticio conservando las cub. |
| -- | - Dedicatoria autógrafa del autor |
| 942 ## - ELEMENTOS DE ENTRADA SECUNDARIOS (KOHA) | |
| Fuente del sistema de clasificación o colocación | Clasificación decimal universal |
| Estatus retirado | Estado de pérdida | Fuente del sistema de clasificación o colocación | Estado de daño | No para préstamo | Colección | Biblioteca de origen | Biblioteca actual | Ubicación en estantería | Fecha de adquisición | Total de préstamos | Signatura topográfica completa | Código de barras | Visto por última vez | Precio de reemplazo | Tipo de ítem Koha |
|---|---|---|---|---|---|---|---|---|---|---|---|---|---|---|---|
| Clasificación decimal universal | Colección de folletos | Biblioteca del Ateneo de Madrid | Biblioteca del Ateneo de Madrid | Depósito folletos | 23/11/2015 | T-1058-F (mutilado) | 1194519 | 23/02/2023 | 23/02/2023 | Folleto |
